header

Bugs A to Zzzzzz (Record no. 262671)

MARC details
000 -LEADER
fixed length control field 00218nam a22000977a 4500
020 ## - INTERNATIONAL STANDARD BOOK NUMBER
ISBN 9780545273305
100 ## - MAIN ENTRY--AUTHOR NAME
Personal name Caroline Lawton
245 ## - TITLE STATEMENT
Title Bugs A to Zzzzzz
260 ## - PUBLICATION, DISTRIBUTION, ETC. (IMPRINT)
Place of publication New York
Name of publisher Scholastic Inc
Year of publication 2011
942 ## - ADDED ENTRY ELEMENTS (KOHA)
Koha item type Long Loan Books
Holdings
Withdrawn status Lost status Collection code Home library Current library Shelving location Date acquired Accession Number Koha item type
    Fiction Rongo University Library Rongo University Library Children's Area 30/01/2024 CL20233081 Long Loan Books
    Fiction Rongo University Library Rongo University Library Children's Area 30/01/2024 CL20233082 Long Loan Books

© 2026 Rongo University
Contact us: librarian | system librarian | Rongo university